Repaso de los elementos del tipo penal y otros aspectos relevantes de la evasión tributaria (Registro nro. 20377)

Detalles MARC
000 -LEADER
fixed length control field 00374 a2200109 4500
001 - CONTROL NUMBER
control field ART_52977
005 - DATE AND TIME OF LATEST TRANSACTION
control field 20260410161759.0
008 - FIXED-LENGTH DATA ELEMENTS--GENERAL INFORMATION
fixed length control field 260409a
100 1# - MAIN ENTRY--PERSONAL NAME
Personal name Robiglio, Carolina L.
245 10 - TITLE STATEMENT
Title Repaso de los elementos del tipo penal y otros aspectos relevantes de la evasión tributaria
773 0# - HOST ITEM ENTRY
Title Doctrina tributaria
Related parts - Nº 497 (ago. 2021)
Record control number REV4296

No hay ítems disponibles.